Togo City Quiz - Statistics

General Stats
  • This quiz has been taken 15 times
  • The average score is 4 of 7
Answer Stats
City % Correct
Lome
100%
Kara
64%
Atakpame
55%
Kpalime
55%
Sokode
45%
Dapaong
36%
Tsevie
27%
No matching quizzes found
Score Distribution
Percent of People with Each Score
Percentile by Number Answered
Your Score History
You have not taken this quiz